01147nam a2200241 a 450000100100000000500170001000800410002704000260006824500680009426000720016230000210023449000910025549000250034650400730037150400330044450000700047770000470054771000610059483000960065583000320075195201050078399900170088800004327820250909091242.0140303s2011 sp 000 0 spa d aDO-SdBNPbspiacBNPHU00aSimón Bolivar /cedición de Luis Horacio López Dominguez. aMadrid :bAgencia Española de Cooperación Internacional,c2011. a267 p. ;c24 cm.1 aAntología del pensamiento político, social y económico de América latina ;v281 aCiencias y humanismo aIncluye referencias bibliográficas y notas al pie de las páginas aBibliografía : p. 256 -267 aIncluye datos biográficos del autor en al solapa de la cubierta1 aLópez Dominguez, Luis Horacioeed.974972 aAgencia Española de Cooperación Internacional934585 0aAntología del pensamiento político, social y económico de América latinav28970870 0aCiencias y humanismo970218 001050718MOaGRbGRcCTd2014-03-04iLF1l0o p43278-10r2020-06-25w2020-06-25y1ZNo se presta c42767d42767